[Event "FIDE Online Olympiad"]
[Site "Chess.com"]
[Date "2020.07.31"]
[EventDate "2020.07.31"]
[Round "3"]
[Result "1-0"]
[White "Grace Christie Youwou Pedhom"]
[Black "Maya Jalloul"]
[WhiteElo "1360"]
[BlackElo "1876"]
[PlyCount "85"]

1. d4 Nf6 2. c4 g6 3. Nc3 Bg7 4. Nf3 d6 5. e3 O-O 6. Be2 Nbd7
7. O-O e5 8. dxe5 dxe5 9. e4 c6 10. Qd6 Re8 11. Be3 Bf8
12. Qd1 Qc7 13. Qc2 Nc5 14. h3 Ne6 15. Rfd1 Bd7 16. Rd2 Rad8
17. Rad1 Nh5 18. Nxe5 Qxe5 19. Bxh5 Qxh5 20. Rxd7 Rxd7
21. Rxd7 b5 22. cxb5 cxb5 23. Bxa7 Nf4 24. Nd5 Qe5 25. Nxf4
Qxf4 26. Qb3 Rxe4 27. Be3 Qf6 28. Qd5 Re8 29. Qxb5 Be7 30. Rd5
Rc8 31. Qb7 Rd8 32. Rxd8+ Bxd8 33. b4 Qd6 34. b5 Qd1+ 35. Kh2
Qd6+ 36. g3 h5 37. Qa6 Qb8 38. h4 Bxh4 39. b6 Bd8 40. Qa7 Qd6
41. b7 Bc7 42. Bf4 Qd8 43. Bxc7 1-0

[Event "FIDE Online Olympiad"]
[Site "Chess.com"]
[Date "2020.07.31"]
[EventDate "2020.07.31"]
[Round "3"]
[Result "1-0"]
[White "Estube Haileselassie Tadese"]
[Black "Salim Al Amri Salim Mohammed"]
[WhiteElo "2097"]
[BlackElo "2032"]
[PlyCount "77"]

1. c4 e5 2. Nc3 Nf6 3. g3 d5 4. cxd5 Nxd5 5. Bg2 Nb6 6. Nf3
Nc6 7. d3 Be7 8. O-O O-O 9. b3 Be6 10. Bb2 f5 11. Rc1 Kh8
12. a3 Bf6 13. b4 Nd4 14. Nd2 c6 15. a4 Nd5 16. Nxd5 Bxd5
17. e4 fxe4 18. Nxe4 Qe7 19. Bxd4 exd4 20. b5 cxb5 21. axb5
Rac8 22. Qa4 b6 23. Rxc8 Rxc8 24. Nxf6 Bxg2 25. Kxg2 Qxf6
26. Qxa7 h6 27. Qb7 Rc2 28. Qf3 Qe5 29. Ra1 Rc8 30. Ra8 Rxa8
31. Qxa8+ Kh7 32. Qe4+ Qxe4+ 33. dxe4 Kg6 34. f4 Kf6 35. Kf3
Ke6 36. Ke2 Kd6 37. e5+ Kc5 38. f5 Kxb5 39. f6 1-0

[Event "FIDE Online Olympiad"]
[Site "Chess.com"]
[Date "2020.07.31"]
[EventDate "2020.07.31"]
[Round "3"]
[Result "1-0"]
[White "Lidet Abate Haile"]
[Black "Wafia Al Ghafri"]
[WhiteElo "1584"]
[BlackElo "1495"]
[PlyCount "47"]

1. e4 c6 2. d4 d5 3. exd5 cxd5 4. Nf3 Bg4 5. Be2 Nc6 6. O-O
Nf6 7. c3 e6 8. Re1 Bd6 9. Nbd2 O-O 10. h3 Bh5 11. Nf1 Qc7
12. Bg5 Ne4 13. N1d2 Nxg5 14. Nxg5 Bxe2 15. Qxe2 h6 16. Ngf3
Ne7 17. Ne5 a6 18. Ndf3 Rad8 19. Qd2 Nc6 20. Ng4 Kh7 21. Qd3+
g6 22. Qe3 Bf4 23. Qe2 Rde8 24. Nf6+ 1-0

[Event "FIDE Online Olympiad"]
[Site "Chess.com"]
[Date "2020.07.31"]
[EventDate "2020.07.31"]
[Round "3"]
[Result "1-0"]
[White "Joseph Mwale"]
[Black "Simphiwe Dlamini"]
[WhiteElo "2119"]
[BlackElo "1554"]
[PlyCount "29"]

1. e4 e5 2. Nf3 Nc6 3. Bc4 Be7 4. d4 exd4 5. c3 d6 6. Qb3 Ne5
7. Nxe5 dxe5 8. Bxf7+ Kf8 9. O-O Nf6 10. f4 Qd6 11. fxe5 Qxe5
12. Bf4 Qc5 13. e5 Ng4 14. Bh5 dxc3+ 15. Be3+ 1-0

[Event "FIDE Online Olympiad"]
[Site "Chess.com"]
[Date "2020.07.31"]
[EventDate "2020.07.31"]
[Round "3"]
[Result "1-0"]
[White "Anne Simwaba"]
[Black "Mkhonto Nosimilo"]
[WhiteElo "1272"]
[BlackElo "1327"]
[PlyCount "21"]

1. e4 e5 2. Nf3 Nc6 3. Be2 Nf6 4. d3 d6 5. Nc3 Bd7 6. Bg5 Be7
7. O-O O-O 8. h3 Re8 9. a3 Nh5 10. Bxe7 Qxe7 11. Nd5 1-0

[Event "FIDE Online Olympiad"]
[Site "Chess.com"]
[Date "2020.07.31"]
[EventDate "2020.07.31"]
[Round "3"]
[Result "1-0"]
[White "Oluwafemi Balogun"]
[Black "Joang Molapo"]
[WhiteElo "2200"]
[BlackElo "1607"]
[PlyCount "83"]

1. e4 e6 2. d3 d5 3. Nd2 Nf6 4. Ngf3 Be7 5. g3 O-O 6. Bg2 c5
7. O-O Nc6 8. Re1 b6 9. e5 Nd7 10. h4 h6 11. Nf1 Qc7 12. Bf4
Bb7 13. Ne3 b5 14. h5 d4 15. Ng4 Kh7 16. Bxh6 gxh6 17. Qd2 Rh8
18. Qxh6+ Kg8 19. Qf4 Rxh5 20. Nh6+ Rxh6 21. Qxh6 Ncxe5
22. Nxe5 Bxg2 23. Nxd7 Qxd7 24. Kxg2 Qd5+ 25. f3 Bg5 26. Qh5
Be3 27. Qxd5 exd5 28. a4 Rb8 29. axb5 Rxb5 30. b3 a5 31. f4 c4
32. dxc4 dxc4 33. bxc4 Rb2 34. Re2 Rb4 35. Rxa5 Rxc4 36. Kf3
Rc3 37. Kg4 Kg7 38. Kf5 Bg1 39. g4 d3 40. cxd3 Rxd3 41. Rb5
Be3 42. Ke4 1-0

[Event "FIDE Online Olympiad"]
[Site "Chess.com"]
[Date "2020.07.31"]
[EventDate "2020.07.31"]
[Round "3"]
[Result "1-0"]
[White "Iyefu Joy Onoja"]
[Black "Phera Malillo"]
[WhiteElo "1768"]
[BlackElo "1301"]
[PlyCount "63"]

1. d4 Nf6 2. b3 e6 3. Bb2 d5 4. Nd2 c5 5. c3 Bd6 6. Ngf3 O-O
7. e3 Nc6 8. Bd3 a6 9. O-O b5 10. c4 bxc4 11. bxc4 Nb4 12. Bb1
Rb8 13. Bc3 Nc6 14. Qc2 h6 15. dxc5 d4 16. Nxd4 Nxd4 17. Bxd4
e5 18. Ne4 Nxe4 19. Qxe4 f5 20. Qd5+ Kh8 21. Qxd6 exd4
22. Qxb8 dxe3 23. fxe3 Qf6 24. Bd3 Qe7 25. Qf4 Qxc5 26. Rab1
Be6 27. Rb7 a5 28. Rc7 Qb6 29. Rb1 Qa6 30. Rbb7 Rg8 31. Qe5
Qa8 32. Rxg7 1-0

[Event "FIDE Online Olympiad"]
[Site "Chess.com"]
[Date "2020.07.31"]
[EventDate "2020.07.31"]
[Round "1"]
[Result "1-0"]
[White "Thomas Saah"]
[Black "Jean Louis Marckens"]
[WhiteElo "1914"]
[BlackElo "2053"]
[PlyCount "35"]

1. e4 c6 2. d4 d5 3. f3 dxe4 4. fxe4 e5 5. Nf3 exd4 6. Bc4 Be6
7. Bxe6 fxe6 8. Qxd4 Nd7 9. Bg5 Qa5+ 10. Nbd2 e5 11. Qc4 Ngf6
12. Qe6+ Be7 13. O-O-O h6 14. Bxf6 gxf6 15. Nc4 Qc7 16. Nd6+
Kd8 17. Nf7+ Ke8 18. Nxh8 1-0

[Event "FIDE Online Olympiad"]
[Site "Chess.com"]
[Date "2020.07.31"]
[EventDate "2020.07.31"]
[Round "1"]
[Result "1-0"]
[White "Davidson Gabriel"]
[Black "Tondo James"]
[WhiteElo "1915"]
[BlackElo "1855"]
[PlyCount "115"]

1. e4 c5 2. Nf3 d6 3. d4 cxd4 4. Nxd4 Nf6 5. Nc3 g6 6. Be3 Bg7
7. f3 Nc6 8. Bc4 Qb6 9. Bb5 Nd7 10. Nd5 Qa5+ 11. Bd2 Qd8
12. Nxc6 bxc6 13. Bxc6 Rb8 14. Bc3 Bxc3+ 15. Nxc3 Rxb2 16. Ba4
Qa5 17. Qd2 O-O 18. O-O Nc5 19. Bb3 Ba6 20. Rfd1 Rc8 21. Nd5
Nxb3 22. axb3 Qc5+ 23. Kh1 Rxc2 24. Qg5 f6 25. Nxe7+ Kf7
26. Qxc5 R8xc5 27. Nd5 Bb7 28. Rxa7 Rc1 29. Rxb7+ Kf8 30. Rg1
f5 31. h3 fxe4 32. fxe4 Rxg1+ 33. Kxg1 h5 34. Kf2 Rc2+ 35. Kf3
g5 36. Rh7 g4+ 37. hxg4 hxg4+ 38. Kg3 Re2 39. Re7 Rd2 40. Re6
Re2 41. b4 Kf7 42. Rf6+ Ke8 43. Rf4 Kd7 44. Rxg4 Ke6 45. Kf3
Rb2 46. Rg7 Ke5 47. Re7+ Kd4 48. g3 Rb3+ 49. Kf4 Rb1 50. g4
Rf1+ 51. Kg5 Re1 52. Kf6 Rf1+ 53. Kg7 Rg1 54. Nf6 Kc4 55. Rb7
d5 56. exd5 Rxg4+ 57. Nxg4 Kxd5 58. Rc7 1-0

[Event "FIDE Online Olympiad"]
[Site "Chess.com"]
[Date "2020.07.31"]
[EventDate "2020.07.31"]
[Round "1"]
[Result "1-0"]
[White "Lionel Adu Jnr"]
[Black "Viresh Giasi"]
[WhiteElo "1907"]
[BlackElo "1984"]
[PlyCount "146"]

1. g3 c6 2. Bg2 d6 3. d4 Nf6 4. Nf3 Qc7 5. c3 h6 6. O-O e5
7. dxe5 dxe5 8. Nbd2 Be6 9. Re1 Nbd7 10. Qc2 Be7 11. Ne4 Nxe4
12. Qxe4 O-O-O 13. Be3 f5 14. Qa4 a6 15. b4 g5 16. Ba7 g4
17. Nd2 Nb6 18. Qa5 Na8 19. Nb3 Qxa5 20. Nxa5 h5 21. a4 Bd5
22. e4 fxe4 23. Bxe4 Bxe4 24. Rxe4 Bf6 25. Nc4 Rhe8 26. Rae1
Rd5 27. Bc5 Kc7 28. a5 Re6 29. Bd4 Kd8 30. Bxe5 Bxe5 31. Rxe5
Rexe5 32. Rxe5 Rxe5 33. Nxe5 Nc7 34. Nf7+ Ke7 35. Ng5 Nd5
36. Ne4 Ke6 37. Nc5+ Ke5 38. Nxb7 Nxc3 39. Nc5 Kd6 40. Nxa6
Nd5 41. Kf1 Kd7 42. Ke2 Kc8 43. Kd3 Kb7 44. Nc5+ Ka7 45. Kc4
Nc7 46. Ne4 Ne6 47. Nf6 Ng5 48. Nxh5 Ne4 49. Kd4 Nxf2 50. Nf6
Ka6 51. Kc4 Ka7 52. Kc5 Nd3+ 53. Kxc6 Nxb4+ 54. Kb5 Nd3
55. Nxg4 Ne1 56. h4 Nf3 57. h5 Ng5 58. Nf6 Nf7 59. g4 Kb7
60. g5 Nxg5 61. h6 Nf7 62. a6+ Ka7 63. h7 Nh8 64. Nd7 Nf7
65. Nf8 Nh8 66. Ka5 Ka8 67. Kb6 Kb8 68. Nd7+ Ka8 69. Nc5 Nf7
70. Ne6 Nh8 71. Nc7+ Kb8 72. a7+ Kc8 73. a8=Q+ Kd7 1-0

[Event "FIDE Online Olympiad"]
[Site "Chess.com"]
[Date "2020.07.31"]
[EventDate "2020.07.31"]
[Round "1"]
[Result "1-0"]
[White "Alexandra Kaslan"]
[Black "Christiana Naa Merley Ashley"]
[WhiteElo "1435"]
[BlackElo "1299"]
[PlyCount "27"]

1. d4 d5 2. Nf3 Nf6 3. Bf4 Bg4 4. e3 e6 5. h3 Bf5 6. Nbd2 Bd6
7. Ne5 O-O 8. g4 Bg6 9. h4 h6 10. g5 Bh5 11. Be2 Bxe2 12. Qxe2
hxg5 13. hxg5 Nh7 14. Qh5 1-0

[Event "FIDE Online Olympiad"]
[Site "Chess.com"]
[Date "2020.07.31"]
[EventDate "2020.07.31"]
[Round "1"]
[Result "1-0"]
[White "Diego Zilleruelo Irizarry"]
[Black "Wim Blijstra"]
[WhiteElo "2119"]
[BlackElo "2198"]
[PlyCount "65"]

1. e4 e6 2. d4 d5 3. Nd2 Nf6 4. e5 Nfd7 5. Bd3 c5 6. c3 Nc6
7. Ne2 cxd4 8. cxd4 Qb6 9. Nf3 f6 10. exf6 Nxf6 11. O-O Bd6
12. Nc3 O-O 13. a3 Bd7 14. Be3 Rae8 15. b4 Bb8 16. h3 a6
17. Ne5 Bc8 18. Rc1 Nd8 19. Na4 Qd6 20. Rxc8 Nc6 21. Rxe8 Rxe8
22. f4 Ba7 23. Nc5 Re7 24. Qe2 g6 25. Rc1 Nd8 26. Nb3 Kg7
27. Rc8 Nf7 28. Qc2 Ne4 29. Bxe4 dxe4 30. Qxe4 Nh6 31. g4 Ng8
32. g5 Rc7 33. Nc4 1-0

[Event "FIDE Online Olympiad"]
[Site "Chess.com"]
[Date "2020.07.31"]
[EventDate "2020.07.31"]
[Round "1"]
[Result "1-0"]
[White "Danitza Vazquez Maccarini"]
[Black "Ailen Oriana Mena"]
[WhiteElo "2014"]
[BlackElo "1561"]
[PlyCount "45"]

1. e4 e5 2. Nf3 Nc6 3. Bb5 f5 4. d3 fxe4 5. dxe4 Nf6 6. Nc3
Bb4 7. Bg5 d6 8. h3 Be6 9. Qd3 O-O 10. O-O-O a6 11. Bc4 Qe8
12. Bxe6+ Qxe6 13. Nd5 Ne8 14. Be3 Ne7 15. Nxb4 a5 16. Ng5 Qg6
17. Nd5 Nc6 18. h4 Nb4 19. Nxb4 axb4 20. h5 Qf6 21. Rh3 c5
22. Qd5+ Kh8 23. Rf3 1-0

[Event "FIDE Online Olympiad"]
[Site "Chess.com"]
[Date "2020.07.31"]
[EventDate "2020.07.31"]
[Round "1"]
[Result "1-0"]
[White "Sergio Miguel"]
[Black "Bernard Lesbros"]
[WhiteElo "2179"]
[BlackElo "1912"]
[PlyCount "67"]

1. e4 c5 2. Nf3 Nc6 3. d4 cxd4 4. Nxd4 e5 5. Nb5 a6 6. Nd6+
Bxd6 7. Qxd6 Qf6 8. Qc7 Nge7 9. Nc3 O-O 10. Be3 d6 11. O-O-O
Be6 12. Rxd6 Rfc8 13. Qb6 Nd4 14. Bxd4 exd4 15. Qxd4 Qg5+
16. Qd2 Qa5 17. Nd5 Qxd2+ 18. Kxd2 Bxd5 19. exd5 Rc5 20. Rd7
Nxd5 21. Rxb7 Rd8 22. Bd3 Nf4 23. Rd1 Nxg2 24. Kc1 g6 25. Bxa6
Rxd1+ 26. Kxd1 Ra5 27. Bf1 Nf4 28. a3 Ne6 29. c4 Rf5 30. Bh3
Rxf2 31. Bxe6 fxe6 32. c5 Rf5 33. c6 Rc5 34. c7 1-0

[Event "FIDE Online Olympiad"]
[Site "Chess.com"]
[Date "2020.07.31"]
[EventDate "2020.07.31"]
[Round "1"]
[Result "1-0"]
[White "Esperanca Caxita"]
[Black "Nadezhda Valerevna Marochkina"]
[WhiteElo "1837"]
[BlackElo "1993"]
[PlyCount "111"]

1. e4 c6 2. d4 d5 3. exd5 cxd5 4. Nf3 e6 5. Bd3 Nf6 6. O-O Be7
7. c3 Nc6 8. h3 b6 9. Bf4 Bb7 10. Nbd2 O-O 11. Rc1 Rc8 12. Bb1
Na5 13. Be5 Nc4 14. Nxc4 dxc4 15. Ng5 h6 16. Bxf6 Bxf6 17. Qc2
g6 18. Ne4 Bg7 19. Rfe1 Qd5 20. f3 Rfd8 21. Rcd1 Qc6 22. Qc1
Kh7 23. Qf4 Qc7 24. Nf6+ Bxf6 25. Qxf6 Bd5 26. h4 h5 27. Re5
Kg8 28. Rg5 Rd7 29. Re1 Qd8 30. Qf4 Qc7 31. Ree5 Kg7 32. Qg3
Kf8 33. Qf4 Ke7 34. Bxg6 fxg6 35. Rxg6 Rf8 36. Qg5+ Ke8
37. Qxh5 Rdf7 38. Qg4 Qc6 39. h5 Rh8 40. h6 Qd7 41. Rh5 Rhh7
42. Rg8+ Ke7 43. Rg7 Kd6 44. Qg3+ Kc6 45. Rg6 b5 46. b3 cxb3
47. axb3 a6 48. c4 bxc4 49. bxc4 Bxc4 50. Rc5+ Kb6 51. Rxc4
Qd5 52. Rb4+ Ka5 53. Qe1 Rd7 54. Rb2+ Ka4 55. Qa1+ Qa2
56. Qxa2# 1-0

[Event "FIDE Online Olympiad"]
[Site "Chess.com"]
[Date "2020.07.31"]
[EventDate "2020.07.31"]
[Round "1"]
[Result "1-0"]
[White "Amaro Lutuima"]
[Black "Rassoul Diarra"]
[WhiteElo "2039"]
[BlackElo "1701"]
[PlyCount "81"]

1. e4 e5 2. Nf3 Nc6 3. Bc4 Bc5 4. O-O Nf6 5. d4 Bxd4 6. Nxd4
Nxd4 7. Bg5 Ne6 8. Bxe6 fxe6 9. f4 Qe7 10. Bxf6 Qxf6 11. Qh5+
g6 12. Qxe5 Qxe5 13. fxe5 b6 14. Nc3 Ba6 15. Rf6 Rf8 16. g4
O-O-O 17. g5 d6 18. Rxe6 dxe5 19. Nd5 Bc4 20. Rxe5 c6 21. Ne3
Ba6 22. Re6 Rf3 23. Re1 Rd2 24. Rxc6+ Kd7 25. Rf6 Rh3 26. Rf2
Rxf2 27. Kxf2 Rxh2+ 28. Kg3 Rh5 29. Kg4 Ke6 30. Nd5 Ke5
31. Nb4 Bc8+ 32. Kf3 Bb7 33. Nd3+ Kd6 34. Kf4 Rh4+ 35. Kf3 Rh5
36. Kg4 Rh2 37. c4 Rg2+ 38. Kf4 Bc8 39. e5+ Ke7 40. e6 Rg4+
41. Kxg4 1-0

[Event "FIDE Online Olympiad"]
[Site "Chess.com"]
[Date "2020.07.31"]
[EventDate "2020.07.31"]
[Round "1"]
[Result "1-0"]
[White "Shadi Alqawasme"]
[Black "Yakini Tchouka"]
[WhiteElo "1789"]
[BlackElo "1600"]
[PlyCount "87"]

1. e4 d6 2. d4 Nf6 3. Nc3 g6 4. Nf3 Bg7 5. g3 Nc6 6. Bg2 O-O
7. O-O Bg4 8. h3 Bxf3 9. Bxf3 Re8 10. Be3 Nd7 11. Qd2 Nb6
12. b3 e5 13. d5 Nd4 14. Bg2 c5 15. h4 h5 16. Rad1 Rc8 17. Ne2
Nd7 18. c3 Nxe2+ 19. Qxe2 Qa5 20. Bh3 Rcd8 21. Qd2 Nf6 22. f3
Qc7 23. Kg2 b5 24. b4 c4 25. Ra1 a5 26. bxa5 Qxa5 27. Qc2 Ra8
28. Rfb1 Reb8 29. a4 bxa4 30. Rxb8+ Rxb8 31. Rxa4 Qb5 32. Rb4
Qe8 33. Qb2 Ra8 34. Rxc4 Qd8 35. Rb4 Qa5 36. c4 Qa2 37. Rb8+
Kh7 38. Rxa8 Qxb2+ 39. Bf2 Ng8 40. Ra7 f5 41. exf5 gxf5
42. Bxf5+ Kh8 43. Be4 Bh6 44. Rh7# 1-0

[Event "FIDE Online Olympiad"]
[Site "Chess.com"]
[Date "2020.07.31"]
[EventDate "2020.07.31"]
[Round "2"]
[Result "1-0"]
[White "Shadi Alqawasme"]
[Black "Kemly Germinal"]
[WhiteElo "1789"]
[BlackElo "1997"]
[PlyCount "91"]

1. e4 e5 2. Nf3 Nc6 3. Bb5 Nf6 4. Bxc6 dxc6 5. d3 Bd6 6. O-O
O-O 7. Nbd2 Re8 8. Nc4 Bd7 9. Bg5 h6 10. Bh4 b5 11. Ne3 g5
12. Bg3 Kg7 13. h4 g4 14. Nd2 h5 15. Re1 Nh7 16. a4 a6 17. Nb3
Nf8 18. d4 Ng6 19. dxe5 Nxe5 20. Bxe5+ Rxe5 21. Qd4 Qxh4
22. Nc5 Be6 23. Nd3 Qf6 24. Nxe5 Bxe5 25. Qd2 h4 26. c3 Rd8
27. Qe2 Qf4 28. Nf1 Bc4 29. Qe3 Qf6 30. Rad1 Rh8 31. Nh2 Bxh2+
32. Kxh2 g3+ 33. Kg1 gxf2+ 34. Qxf2 Qg6 35. axb5 axb5 36. Rd2
h3 37. Re3 h2+ 38. Kh1 Rh5 39. Rg3 Rg5 40. Rxg5 Qxg5 41. Qd4+
Kh6 42. Qf2 f6 43. b3 Bxb3 44. Rd3 Bc4 45. Rh3+ Kg6 46. Rg3
1-0

[Event "FIDE Online Olympiad"]
[Site "Chess.com"]
[Date "2020.07.31"]
[EventDate "2020.07.31"]
[Round "2"]
[Result "1-0"]
[White "Yara Faqeeh"]
[Black "Kimberlie Dunat"]
[WhiteElo "1523"]
[BlackElo "1398"]
[PlyCount "133"]

1. d4 d5 2. Bf4 Bf5 3. Nf3 Nf6 4. h3 h6 5. e3 e6 6. Be2 Be7
7. O-O O-O 8. Nbd2 Nc6 9. a3 a6 10. c4 dxc4 11. Nxc4 Nd5
12. Bh2 b5 13. Nce5 Nxe5 14. Bxe5 f6 15. Bh2 Bd6 16. Bxd6 Qxd6
17. Bd3 Bxd3 18. Qxd3 c5 19. dxc5 Qxc5 20. Rfc1 Qb6 21. Nd4
Rad8 22. Rc6 Qb7 23. Rxe6 Nc7 24. Re7 Rfe8 25. Rxe8+ Nxe8
26. Qb3+ Kh8 27. Rc1 Nd6 28. Ne6 Re8 29. Nc5 Qa7 30. Nd3 Nc4
31. Rc2 Qb7 32. Nf4 Rd8 33. Rxc4 Qf7 34. Rc3 Qb7 35. Rc1 Qe4
36. Qc2 Qe8 37. Rd1 Rc8 38. Qf5 Rc6 39. Ng6+ Kg8 40. Qd5+ Kh7
41. Nf4 Rc7 42. Qf5+ Kg8 43. Ne6 Re7 44. Rd8 Kf7 45. Rxe8 Rxe8
46. Nd4 Re5 47. Qd7+ Kg6 48. Qc6 a5 49. Nxb5 a4 50. Nc3 Ra5
51. Qe4+ f5 52. Qe8+ Kh7 53. Nxa4 Rd5 54. Nc3 Rd6 55. b4 Rd3
56. Qe5 Kg6 57. b5 Rd8 58. b6 Rf8 59. b7 Kh7 60. b8=Q Rf7
61. Qbd6 h5 62. Nd5 h4 63. Qde6 Rf8 64. Q6xf5+ Rxf5 65. Qxf5+
Kg8 66. Ne7+ Kh8 67. Qh5# 1-0

[Event "FIDE Online Olympiad"]
[Site "Chess.com"]
[Date "2020.07.31"]
[EventDate "2020.07.31"]
[Round "2"]
[Result "1-0"]
[White "Mays Shaheen"]
[Black "Merisena Cadeau"]
[WhiteElo "1364"]
[BlackElo "1439"]
[PlyCount "39"]

1. e4 c5 2. Nf3 Nc6 3. d4 cxd4 4. Nxd4 d6 5. Nc3 Nf6 6. Bc4 e6
7. O-O Be7 8. Be3 a6 9. a4 O-O 10. f4 Qc7 11. Qf3 Bd7 12. Qg3
Rad8 13. f5 e5 14. Nxc6 Bxc6 15. Bh6 Qb6+ 16. Kh1 Nh5 17. Qg4
g6 18. fxg6 Ng7 19. gxh7+ Kh8 20. Qxg7# 1-0

[Event "FIDE Online Olympiad"]
[Site "Chess.com"]
[Date "2020.07.31"]
[EventDate "2020.07.31"]
[Round "2"]
[Result "1-0"]
[White "Yakini Tchouka"]
[Black "Mouhamadou Mourtada Fall"]
[WhiteElo "1600"]
[BlackElo "1576"]
[PlyCount "101"]

1. d4 d5 2. c4 e6 3. Nc3 Nf6 4. Bg5 Be7 5. e3 Nbd7 6. Nf3 O-O
7. Rc1 h6 8. Bh4 b6 9. Bd3 Bb7 10. cxd5 Nxd5 11. Bg3 Nxc3
12. bxc3 c5 13. O-O Nf6 14. Bb1 Ne4 15. Ne5 Bg5 16. Qd3 f5
17. f3 Nxg3 18. hxg3 Bf6 19. Ng6 Rf7 20. a4 Rc8 21. Nf4 Qd6
22. Ba2 Bd5 23. Nxd5 exd5 24. Qxf5 Rd8 25. Qg4 cxd4 26. cxd4
Qa3 27. Bb1 Qxe3+ 28. Kh2 Qg5 29. Qxg5 Bxg5 30. f4 Bf6 31. Bf5
Bxd4 32. Be6 Kf8 33. Bxf7 Kxf7 34. Rc7+ Kf6 35. Rxa7 Bc5
36. g4 g6 37. Rc7 Be3 38. g3 d4 39. Rc6+ Kf7 40. Rxb6 d3
41. Rb7+ Kf6 42. Rd1 g5 43. Rb3 gxf4 44. Rbxd3 fxg3+ 45. Kxg3
Rxd3 46. Rxd3 Bc5 47. a5 Ke5 48. a6 Ke6 49. Rd2 Ba7 50. Rb2
Kd6 51. Rb7 1-0

[Event "FIDE Online Olympiad"]
[Site "Chess.com"]
[Date "2020.07.31"]
[EventDate "2020.07.31"]
[Round "2"]
[Result "1-0"]
[White "Rassoul Diarra"]
[Black "Kossi Thierry Egbe"]
[WhiteElo "1701"]
[BlackElo "1532"]
[PlyCount "125"]

1. e4 d5 2. exd5 Nf6 3. d4 Nxd5 4. Be2 Nc6 5. Nf3 Bf5 6. c3 g6
7. O-O Bg7 8. Nh4 Bc8 9. c4 Nf6 10. d5 Nb8 11. Nc3 c6 12. Bf4
cxd5 13. cxd5 Nfd7 14. Nb5 Na6 15. Qd2 Nb6 16. Rfd1 O-O
17. Nf3 Bd7 18. a4 Re8 19. a5 Bxb5 20. Bxb5 Nd7 21. Rac1 Nac5
22. b4 Ne4 23. Qd3 Nd6 24. Ba4 Rc8 25. Bxd6 exd6 26. Qb5 Re7
27. Qxb7 Rb8 28. Qxa7 Nc5 29. Qxe7 Qxe7 30. bxc5 dxc5 31. d6
Qd8 32. Rxc5 Bf8 33. Rcd5 Ra8 34. Bc6 Ra6 35. Rc5 Bxd6 36. Bb7
Rxa5 37. Rc8 Qxc8 38. Bxc8 Ra8 39. Bb7 Ra7 40. Bd5 Bf4 41. g3
Bh6 42. Ne5 Kg7 43. Nxf7 Rxf7 44. Bxf7 Kxf7 45. Rd7+ Kg8
46. f4 Bg7 47. Kf2 h6 48. Kf3 h5 49. Ke4 Kh7 50. h3 Kh6 51. g4
hxg4 52. hxg4 Bh8 53. g5+ Kh5 54. Rh7+ Kg4 55. Rxh8 Kg3
56. Rh6 Kg4 57. Rxg6 Kh5 58. Rh6+ Kg4 59. g6 Kg3 60. g7 Kf2
61. g8=Q Ke1 62. Qa2 Kf1 63. Rh1# 1-0

[Event "FIDE Online Olympiad"]
[Site "Chess.com"]
[Date "2020.07.31"]
[EventDate "2020.07.31"]
[Round "2"]
[Result "1-0"]
[White "David Silva"]
[Black "Wim Blijstra"]
[WhiteElo "2321"]
[BlackElo "2198"]
[PlyCount "95"]

1. e4 c5 2. Nf3 d6 3. d4 cxd4 4. Nxd4 Nf6 5. Nc3 a6 6. a3 e5
7. Nf5 Nc6 8. Bg5 h6 9. Bxf6 Qxf6 10. Nd5 Qd8 11. Bc4 g6
12. Nfe3 Be6 13. a4 Bg7 14. c3 O-O 15. O-O Rb8 16. b4 b5
17. axb5 axb5 18. Bb3 Kh7 19. Ra6 Qd7 20. f4 exf4 21. Rxf4 Be5
22. Nf6+ Bxf6 23. Rxf6 Kg7 24. Rf2 Bxb3 25. Qxb3 Qb7 26. Qa2
Rbe8 27. Rf4 Re6 28. Nd5 g5 29. Rf1 Rxe4 30. Rb6 Qc8 31. Nf6
Re6 32. Qf2 Ne5 33. Qf5 Ng6 34. Nh5+ Kg8 35. Rxb5 Qxc3 36. Rb7
Qe3+ 37. Kh1 Qe5 38. Qb1 Re7 39. Nf6+ Kg7 40. Nd7 Qe4 41. Qxe4
Rxe4 42. Nxf8 Kxf8 43. Rbxf7+ Ke8 44. R7f6 Ne7 45. Rxd6 Rxb4
46. Re1 Kf8 47. Rd8+ Kf7 48. Rd7 1-0

[Event "FIDE Online Olympiad"]
[Site "Chess.com"]
[Date "2020.07.31"]
[EventDate "2020.07.31"]
[Round "2"]
[Result "1-0"]
[White "Ednasia Junior"]
[Black "Mariana Sanchez"]
[WhiteElo "1768"]
[BlackElo "1612"]
[PlyCount "81"]

1. e4 e6 2. d4 d5 3. Nc3 Bb4 4. e5 Ne7 5. a3 Ba5 6. Qg4 O-O
7. Bd3 Bb6 8. Nf3 Ng6 9. h4 f5 10. exf6 Qxf6 11. Bxg6 Qxg6
12. Qxg6 hxg6 13. Na4 Nc6 14. Nxb6 axb6 15. O-O Ne7 16. Bg5
Nf5 17. g4 Nh6 18. Ne5 Kh7 19. Rac1 c5 20. Rfd1 Nf7 21. Be7
Re8 22. Nxf7 Rxe7 23. Ne5 Re8 24. c4 Ra4 25. dxc5 bxc5
26. cxd5 exd5 27. Rxd5 b6 28. f3 Be6 29. Rd6 Ra6 30. Re1 Bg8
31. Kf2 c4 32. Nxg6 Rxe1 33. Kxe1 c3 34. bxc3 Rxa3 35. Nf8+
Kh8 36. Rxb6 Rxc3 37. Rb8 Rxf3 38. Ke2 Rh3 39. g5 Rxh4
40. Ng6+ Kh7 41. Nxh4 1-0

[Event "FIDE Online Olympiad"]
[Site "Chess.com"]
[Date "2020.07.31"]
[EventDate "2020.07.31"]
[Round "2"]
[Result "1-0"]
[White "Imaan Kalidjo"]
[Black "Carlos Rodriguez Rosich"]
[WhiteElo "1692"]
[BlackElo "1389"]
[PlyCount "105"]

1. d4 Nf6 2. Bf4 c5 3. e3 Qb6 4. b3 g6 5. c3 d6 6. Bd3 Bg7
7. Qc2 Nc6 8. Nf3 Bd7 9. O-O Rc8 10. Qd2 cxd4 11. exd4 O-O
12. Na3 Rfe8 13. Rfe1 Nd5 14. Nc4 Qc7 15. Bh6 Bh8 16. Rac1 e5
17. dxe5 dxe5 18. Bxg6 fxg6 19. Qxd5+ Be6 20. Qe4 Ne7
21. Ncxe5 Bf5 22. Qc4+ Nd5 23. Qxd5+ Be6 24. Qe4 Rcd8 25. c4
b6 26. Qe3 Bf5 27. Bg5 Rd6 28. Bf4 Rde6 29. Rcd1 Bxe5 30. Bxe5
Qe7 31. Qd4 Kf7 32. Qd5 Kf8 33. Re3 Bg4 34. Rde1 Qb4 35. Bg7+
Kxg7 36. Rxe6 Bxf3 37. Rxe8 Bxd5 38. cxd5 Qd6 39. R8e7+ Kh6
40. R7e5 a5 41. g3 Qa3 42. R1e2 Qc5 43. Kg2 Kg7 44. h4 Kf6
45. g4 Qd4 46. g5+ Kf7 47. Kg3 Qc5 48. R2e3 Qd6 49. f4 Qa3
50. Kf3 Qxa2 51. Re7+ Kg8 52. Re8+ Kf7 53. R3e7# 1-0

[Event "FIDE Online Olympiad"]
[Site "Chess.com"]
[Date "2020.07.31"]
[EventDate "2020.07.31"]
[Round "2"]
[Result "1-0"]
[White "Francis Eric Anquandah"]
[Black "Tondo James"]
[WhiteElo "2031"]
[BlackElo "1855"]
[PlyCount "55"]

1. e4 c5 2. Nf3 d6 3. d4 cxd4 4. Bb5+ Bd7 5. Bxd7+ Nxd7
6. Nxd4 Ngf6 7. f3 g6 8. c4 Rc8 9. b3 Bg7 10. Be3 Qa5+ 11. Qd2
Qxd2+ 12. Nxd2 O-O 13. O-O Ne5 14. Rac1 a6 15. Nb1 Nfd7
16. Nc3 Nd3 17. Rcd1 N7c5 18. Nd5 e6 19. Ne7+ Kh8 20. Nxc8
Rxc8 21. Ne2 Nb4 22. Rxd6 h5 23. Rfd1 Bf6 24. Bxc5 Rxc5
25. Rd7 Nxa2 26. Rxf7 Nc3 27. Nxc3 Bxc3 28. Rd8# 1-0

[Event "FIDE Online Olympiad"]
[Site "Chess.com"]
[Date "2020.07.31"]
[EventDate "2020.07.31"]
[Round "3"]
[Result "1-0"]
[White "Diego Zilleruelo Irizarry"]
[Black "Thomas Saah"]
[WhiteElo "2119"]
[BlackElo "1914"]
[PlyCount "151"]

1. e4 c5 2. Nf3 Nc6 3. Bb5 Qc7 4. Nc3 e6 5. O-O a6 6. Bxc6
Qxc6 7. d4 cxd4 8. Nxd4 Qc7 9. Nb3 Ne7 10. Re1 Ng6 11. Be3 b6
12. Qd4 Rb8 13. Rad1 f6 14. Na4 b5 15. Nac5 d6 16. Nd3 Be7
17. Qb4 O-O 18. Qd2 Bb7 19. f3 Rbc8 20. c3 Rfd8 21. Qf2 Rf8
22. Bb6 Qb8 23. Nd4 Kf7 24. f4 e5 25. Nf5 Rc6 26. Nb4 Nxf4
27. Nxc6 Bxc6 28. Nxe7 Kxe7 29. Rxd6 Kxd6 30. Bc5+ Kc7
31. Bxf8 Qxf8 32. Qa7+ Bb7 33. Rd1 Ne6 34. b4 Qa8 35. Qe3 Bxe4
36. Qh3 Qc6 37. Rd2 Nf4 38. Qg4 g5 39. Qd1 Qb6+ 40. Kf1 Qe6
41. g3 Qh3+ 42. Kg1 Nd3 43. Qe2 f5 44. Rxd3 Bxd3 45. Qxe5+ Kc6
46. Qe6+ Kc7 47. Qe5+ Kd7 48. Qd5+ Ke7 49. Qxd3 Qg4 50. Qe3+
Kf7 51. Qa7+ Kg6 52. Qxa6+ Kh5 53. Qxb5 Qd1+ 54. Kf2 Qc1
55. Qe2+ g4 56. Qe8+ Kg5 57. Qe3+ Qxe3+ 58. Kxe3 h5 59. a4 h4
60. a5 f4+ 61. gxf4+ Kf5 62. a6 g3 63. a7 g2 64. Kf2 h3
65. a8=Q Kxf4 66. Qf3+ Ke5 67. Qxh3 Kd5 68. Qd3+ Kc6 69. Qc4+
Kb6 70. Qc5+ Kb7 71. h4 Ka6 72. h5 Kb7 73. h6 Ka6 74. h7 Kb7
75. h8=Q Ka6 76. Qa8# 1-0